000 00664cab a2200217 4500
001 ABS55813
008 090401t1996 xxu||||| |||| 00| 0 eng d
035 _a(Sirsi) u18937
041 _aeng
245 4 _aThe bluffer`s guide to multimedia and Internet jargon
260 _c1996
350 _a0
490 _aThe Bookseller
_vMultimedia Supplement (4736) September 1996, 8-10(
520 _aA selection of definitions relating to multimedia and the Internet.
650 _aINFORMATION SUPERHIGHWAY
650 _aINTERNET
650 _aMULTIMEDIA
690 _aMANAGEMENT-BUSINESS MANAGEMENT-INFORMATION MANAGEMENT
942 _n0
948 _c04/03/1997
999 _c12599
_d12599